Hidden from history : reclaiming the gay and the lesbian past

Αποθηκεύτηκε σε:
Λεπτομέρειες βιβλιογραφικής εγγραφής
Άλλοι συγγραφείς: Duberman, Martin B. (Επιμελητής έκδοσης), Vicinus, Martha (Επιμελητής έκδοσης), Chauncey, George (Επιμελητής έκδοσης)
Μορφή: Βιβλίο
Γλώσσα:English
Δημοσίευση: London : Penguin Books, c1989
Θέματα:
Ετικέτες: Προσθήκη ετικέτας
Δεν υπάρχουν, Καταχωρήστε ετικέτα πρώτοι!

MARC

LEADER 00000nam a2200000 i 4500
001 1/15698
008 980710s1989 eng d
020 |a 0-14-014363-7 
035 |l 10019926 
040 |a GR-MY-UA  |b gre  |e aacr 
041 0 |a eng 
082 0 |a 306.76 
245 1 0 |a Hidden from history :  |b reclaiming the gay and the lesbian past /  |c Edited by Martin Duberman; Martha Vicinus; George Chauncey,Jr 
260 |a London :   |b Penguin Books,   |c c1989 
300 |a 579 p. 
650 0 0 |a Homosexuality  |x History. 
650 0 0 |a Gay men  |x History. 
650 0 0 |a Lesbians  |x History. 
700 1 |a Duberman, Martin B.  |4 edt 
700 1 |a Vicinus, Martha.  |4 edt 
700 1 |a Chauncey, George.  |4 edt 
852 |a INST  |b LESVOS  |e 19980710  |h 306.76 HID  |p 005100013796  |q 005100013796  |t BK  |y 0 
901 |a BIBL-1998-2 
909 |a Λ  |b 044305 
922 |a 1ΔΩΡ  |b 199602  |c ΤΚΑ